=LDR 00000nam 2200000 4500 =001 000995 =005 20250712022745 =035 ##$$a 0010-0725000874 =007 ta =008 250712################a##########0#ind## =020 ##$$a 978-623-307-675-3 =082 ##$$a 398.209 598 809 =084 ##$$a 398.209 598 809 KUM p =100 #$$a Kumar mala =245 1#$$a Pishi dan amukan badai /$c Mala kumar =250 ##$$a Cetakan pertama =260 ##$$a Rawamangun :$b Badan pengembangan dan pembinaan bahasa,$c 2022 =300 ##$$a 20 hlm. : $b Ilus. ; $c 22,9 cm. =650 #4$$a Cerita anak indonesia-terjemahan =650 #4$$a Literasi-bahan bacaan =700 #$$a Chaudry manisha